| 000 | 00440nam a2200133Ia 4500 | ||
|---|---|---|---|
| 008 | 170221s9999 xx 000 0 und d | ||
| 100 | _aAnne M. Tucker | ||
| 245 | 4 | _aThe Short Road Home to Delaware: Boilermakers Local 154 Retirement Fund v. Chevron | |
| 245 | _cAnne M. Tucker | ||
| 260 | _c2016 | ||
| 300 | _a15 : 10 | ||
| 650 | _xBusiness | ||
| 856 | _uhttp://digitalcommons.pepperdine.edu/cgi/viewcontent.cgi?article=1116&context=jbel | ||
| 999 |
_c311749 _d311749 |
||